000 00312nam a2200133Ia 4500
005 20260326100032.0
008 260326s9999||||xx |||||||||||||| ||und||
100 _aBawden, Edward
245 0 _aDesign /
_cEdward Bawden
260 _bAntique Collectors
300 _a64 p.
650 _aDISEÑADORES
942 _cBK
999 _c6660
_d6660